[Event "EU-ch 4th"]
[Site "Istanbul"]
[Date "2003.05.30"]
[Round "1"]
[White "Korobov, Anton"]
[Black "Fridman, Daniel"]
[Result "1-0"]
[WhiteElo "2513"]
[BlackElo "2621"]
[Annotator "Erenburg,S"]
[PlyCount "81"]
[EventDate "2003.05.30"]
[EventType "swiss"]
[EventRounds "13"]
[EventCountry "TUR"]
[SourceTitle "CBM 096"]
[Source "ChessBase"]
[SourceDate "2003.09.25"]
[SourceVersion "1"]
[SourceVersionDate "2003.09.25"]
[SourceQuality "1"]

{[%mdl 16448]} 1. d4 d6 2. Nf3 Bg4 3. e4 Nf6 4. Nc3 c6 {More popular to start
from 4...e6:} (4... e6 5. Be2 (5. h3 Bh5 6. Qe2 c6 7. g4 Bg6 8. h4 h6 9. h5 Bh7
10. g5 hxg5 11. Nxg5 Nbd7 12. f4 Qb6 13. e5 Nd5 14. Nxd5 cxd5 15. Nxh7 Rxh7 16.
c3 $14 {1/2-1/2 Finegold,B-Vovsha,E/31st World Open, Philadelphia USA 2003 (40)
}) 5... Be7 (5... c6 6. O-O Be7 (6... d5 7. Ne5 Bxe2 8. Qxe2 dxe4 9. Nxe4 Nxe4
10. Qxe4 Nd7 $11 {1/2-1/2 Andersson,U-Hodgson,J/Germany 2001/EXT 2003 (25)}) 7.
Bg5 d5 8. e5 Bxf3 9. Bxf3 Nfd7 10. Bxe7 Qxe7 11. Be2 a6 12. f4 c5 $11 {1/2-1/2
Brynell,S-Cicak,S/Skara 2002/CBM 91 (48)}) 6. O-O d5 $6 {1-0 Speelman,
J-Kveinys,A/Germany 2001/CBM 82/[Ribli] (35)} (6... O-O $5 7. Be3 d5 8. exd5
exd5 9. Ne5 Bxe2 10. Nxe2 Nbd7 11. Ng3 Bd6 12. Bf4 Re8 13. Nd3 Bxf4 14. Nxf4
Nf8 15. Re1 Rxe1+ 16. Qxe1 Qd6 17. Nd3 Re8 18. Qa5 Qb6 {1/2-1/2 Andersson,
U-Speelman,J/Lyon 1991/CBM 26 (18)})) 5. Be3 e6 6. Qd2 Nbd7 ({Now after} 6...
d5 {white is ready to play} 7. Ne5 $1 dxe4 (7... Bh5 $5 $14) 8. h3 Bf5 9. g4
Bg6 10. h4 h6 11. Nxg6 fxg6 12. g5 hxg5 13. Bxg5 $14 {1/2-1/2 Cladouras,
P-Chekhov,V/Dresden 1998/EXT 99 (24)}) 7. O-O-O d5 8. e5 Ng8 {Too passive.
After this move white's development advantage becomes too big, that allows
white to get an advantage.} (8... Ne4 $142 9. Nxe4 dxe4 10. h3 Bxf3 11. gxf3
exf3 12. Bd3 $14 {[%cal Gd3e4]}) 9. Be2 Nb6 10. Bg5 Qc7 11. Qf4 $14 {White's
position is obviously better, thanks to development advantage and space
advantage white is going to increase.} Bh5 (11... Bxf3 12. Qxf3 $14 {A pair of
bishops together with space advantage promise white better chances.}) (11...
Bf5 12. g4 {see the game.}) 12. g4 Bg6 13. Qe3 {After white played g2-g4, the
queen has nothing to do on f4. In future white is going to push forward his
"f" pawn.} h6 14. Bf4 Ne7 15. Nd2 {White is very consistent in realyzing his
plan- to provide f2-f4.} a5 $6 {What about the castle? The last black move is
very commiting, as it almost denies the possibility of long castle. Black had
to complete the development, continuing} (15... O-O-O 16. Bg3 h5 17. h3 Kb8 18.
f4 $14) 16. Bg3 a4 17. a3 {Right decision, which prevents black's a4-a3, that
weakens dark squares in the white camp, thus, white doesn't give black to get
the counterplay on the queenside.} Nd7 {Too slow. Black hopes to provide b7-b5,
but it will take too much time in comparison to how quickly is white going to
get a strong initiative on the kingside. In my opinion, better option was} (
17... O-O-O) 18. f4 Qa5 19. Rdf1 b5 20. Na2 $1 {The strongest reaction against
black plans.} Rc8 $6 {The least of the evils was to admit the mistake. Black's
plan fails, so it was better to complete the development with} (20... O-O-O)
21. f5 $1 $16 exf5 $2 ({Better was} 21... Bh7 {trying not to lose immediately,
defending passive.} 22. fxe6 fxe6 23. Qf4 Bg8 $16) 22. Bd3 $1 (22. e6 {was
strong enough as well.}) 22... fxg4 $2 (22... f4 23. Qxf4 f6 24. Bxg6+ (24. Bf5
$16) (24. Nb4 $16) 24... Nxg6 25. Qf5 Ne7 26. Qe6 $16) 23. Bxg6 fxg6 24. Qf4
$18 {Now white invades into black camp, at the same time all the black pieces
are absolutely paralyzed, so black hasn't any chance to parry white's attack.}
Qb6 {Other continuations doesn't change anything:} (24... Nf5 25. Qxg4 Ne7 26.
Qe6 $18) (24... c5 25. Qf7+ Kd8 26. e6 Nf6 27. Rxf6 gxf6 28. Qxf6 Rg8 29. Rf1
$18) 25. Nb4 $2 {giving black some chance. White had much more attractive
continuation:} (25. Qf7+ $1 Kd8 26. e6 Nf6 (26... Qxd4 27. exd7 Kxd7 28. Nb4
$18) 27. Rxf6 $1 gxf6 28. Qxf6 Rg8 29. Rf1 $1 {[%cal Gf6f8]} Bg7 30. Qxg7 $1
$18) 25... h5 $2 {Loses on the spot. The last chance was} (25... Nf5 $1 26.
Qxg4 Kd8 $1 27. Qxg6 (27. e6 Nf6 28. Qxg6 Nxg3 29. hxg3 Bxb4 30. Qxg7 Bxd2+ 31.
Kxd2 Qxd4+ 32. Kc1 Rg8 33. Qxf6+ Qxf6 34. Rxf6 Ke7 $11) 27... Nxg3 28. Qxg3
Qxd4 29. e6 $16) 26. Qf7+ Kd8 27. e6 Nf6 28. Rxf6 $1 gxf6 29. Qxf6 Rg8 30. Bd6
$1 {[%cal Gf6f7,Gh1f1,Yf1f8] with many threats.} ({White had to be still
careful, as after} 30. Rf1 Bh6 {the position is not so clear.}) 30... Rc7 ({
After} 30... c5 {the simplest way to victory is:} 31. Bxe7+ Bxe7 32. Qxe7+ $1
Kxe7 33. Nxd5+ Kxe6 34. Nxb6 $18) 31. Qf7 $1 {[%cal Gd6e7,Gf7g8]} Rh8 32. Be5
Rg8 33. Bf6 $18 {White is going to capture the rook on g8, after it he is a
piece up. So big material advantage without any compensation for black promise
easy victory to white.} Kc8 34. Bxe7 Bxe7 35. Qxg8+ Kb7 36. c3 g5 37. Qg6 h4
38. Rg1 Bd6 39. Rxg4 Bxh2 40. Qxg5 Bg3 41. Nf3 1-0

[Event "EU-ch 4th"]
[Site "Istanbul"]
[Date "2003.06.01"]
[Round "3"]
[White "Ivanchuk, Vassily"]
[Black "Gagunashvili, Merab"]
[Result "1/2-1/2"]
[WhiteElo "2704"]
[BlackElo "2580"]
[Annotator "Erenburg,S"]
[PlyCount "82"]
[EventDate "2003.05.30"]
[EventType "swiss"]
[EventRounds "13"]
[EventCountry "TUR"]
[SourceTitle "CBM 096"]
[Source "ChessBase"]
[SourceDate "2003.09.25"]
[SourceVersion "1"]
[SourceVersionDate "2003.09.25"]
[SourceQuality "1"]

1. e4 d6 2. d4 Nf6 3. Nc3 g6 4. g3 Bg7 5. Bg2 O-O 6. Nge2 e5 7. h3 c6 8. a4 a5
{preparing the occupation of b4 square by the knight via a6.} 9. Be3 Na6 10.
O-O Nb4 11. Qd2 {White has another logical continuation:} (11. f4 Re8 12. Qd2
exd4 13. Bxd4 d5 14. e5 Nd7 15. Rad1 f6 16. exf6 Nxf6 17. g4 b6 $11 {1-0
Palkovi,J-Slovineanu,V/Panormo 2001/CBM 84 ext (57)}) 11... d5 {Interesting
attempt to equalize immediately by this breakthrough. Black has the option of
transfering his light-squared bishop to diagonal a6-f1, which seems to be good
solution for problem of developing it:} (11... Be6 12. Rad1 (12. b3 {
preventing transfer of black's light-squared bishop to c4.} d5 13. exd5 Nfxd5
14. Nxd5 Bxd5 15. dxe5 (15. Rad1 {0-1 Vajda,L-Marin,M/Bucharest 1997/CBM 60/
[Marin,M] (78) Marin,M}) 15... Bxe5 16. Rad1 Bxg2 17. Kxg2 Qf6 18. f4 $13 {
Sergejev,R-Svirjov,I/ch-EST 2000}) (12. f4 Bc4 13. b3 Ba6 14. Rad1 (14. Rf2
exd4 15. Bxd4 d5 16. Rd1 (16. exd5 $5) 16... Nxe4 17. Nxe4 dxe4 $11 {0-1
Bellon Lopez,J-Marin,M/Valencia 2002/CBM 89 ext (47)}) 14... Nh5 15. dxe5 dxe5
$13 {Vajda,L-Morozevich,A/WchJM U20 1997}) 12... Bc4 $5 (12... Qc7 13. f4 Rad8
$13) (12... d5 13. exd5 Nfxd5 14. Nxd5 Bxd5 15. c3 Bxg2 16. Kxg2 Nd5 17. dxe5
Bxe5 18. Bd4 Bxd4 19. Nxd4 Nb6 $11 {Franzoni,G-Strikovic,A/Erevan olm 1996}) (
12... Qc8 13. Kh2 Re8 14. f4 Bc4 15. dxe5 dxe5 16. f5 Rd8 17. Qc1 Qc7 18. Rxd8+
Rxd8 19. Rf2 Ne8 $13 {Marjanovic,S-Dujkovic,S/JUG-ch op 1996}) 13. b3 (13. Rfe1
Qc7 14. Nc1 Rfe8 15. b3 Ba6 16. Nb1 Nh5 17. g4 exd4 18. Bxd4 c5 19. Bxg7 Nxg7
$13 {Terterians,V-Belov,I/Podolsk 1991}) 13... Ba6 14. Rfe1 {0-1 Kacheishvili,
G-Nijboer,F/Istanbul 2000/EXT 2001/[Finkel,A] (35)}) 12. exd5 ({After} 12. dxe5
Nxe4 13. Nxe4 dxe4 {black's position is slightly better.}) 12... Nfxd5 13. Nxd5
Nxd5 14. Bh6 {It seems to me as the most prinicpal continuation to fight for
an advantage.} (14. dxe5 Bxe5 (14... Nxe3 15. Qxe3 Qe7 16. f4 f6 17. Nd4 fxe5
18. Rae1 Qc5 19. fxe5 Re8 20. Nxc6 $14) 15. Bd4 Bxd4 16. Nxd4 Qf6 $11 {[%cal
Yf8d8]}) (14. Bg5 Bf6 $1 15. Bxf6 Nxf6 (15... Qxf6 {deserved attention.}) 16.
Rad1 e4 17. Nc3 Re8 18. g4 h5 19. g5 Nd5 20. Rfe1 Nxc3 21. bxc3 Bf5 $11 {
1/2-1/2 Chernin,A-Dunnington,A/Cappelle la Grande 1994/TD (45)}) 14... Bxh6 {
Black tried also} (14... e4 15. Bxg7 Kxg7 16. c4 Nb4 17. Bxe4 Bxh3 18. Rfe1 Qf6
19. Nf4 $14 {1/2-1/2 Marinkovic,S-Strikovic,A/Vrnjacka Banja 1999/EXT 2000 (52)
}) 15. Qxh6 exd4 16. Rad1 $146 {This position is arised for the first time,
according to my database. In previous game white continued} (16. Nxd4 {, but
didn't achieve anything special.} Qb6 17. Qd2 Rd8 $11 {1/2-1/2 Orlov,V-Utkin,A/
St Petersburg 2001/EXT 2002 (48)}) 16... c5 $6 {Risky decision. After this
move white succeeds to activize all his pieces and to get the initiative.
Probably the following continuations promise black approximately equal
position:} (16... Qb6 $1 17. Qc1 (17. Bxd5 cxd5 18. Nf4 Be6 $11) (17. Rxd4 Qxb2
18. Bxd5 cxd5 19. Rh4 Qg7) 17... Ne7 18. Nxd4 Nf5 $11) (16... Qf6 17. Nxd4 Re8
$14 {/=}) 17. Nxd4 $1 cxd4 18. Rxd4 Qb6 {Black doesn't succeed to change
light-squared bishops:} (18... Be6 $2 19. Bxd5 (19. c4 $2 Qb6 20. Rh4 $4 Nf6)
19... Bxd5 20. c4 $16 Qb6 $2 21. Rh4 $1 $18) 19. Rxd5 Qxb2 20. Qd2 $14 {
White's position is slightly better thanks to more active pieces in comparison
to his oponent's ones.} Qb6 {Other moves don't promise black an equality:} (
20... Bf5 21. g4 $1 Bxc2 22. Rc1 Rac8 23. Be4 Bxe4 24. Qxb2 Bxd5 25. Rxc8 Rxc8
26. Qb5 $16) (20... Be6 $5 21. Rb5 ({Worse is} 21. Rxa5 Rxa5 22. Qxa5 Rc8 23.
c3 Rxc3 24. Qd8+ (24. Qa8+ Kg7 25. Qxb7 Qxb7 26. Bxb7 Ra3 27. Bc6 Bb3 $11)
24... Kg7 25. Qd4+ Kg8 26. Rd1 Rc2 $11) 21... Qa2 22. Rxa5 Rxa5 23. Qxa5 $14) (
20... Qb4 21. Qxb4 axb4 22. Ra1 $1 $16 {[%cal Gd5b5,Yg2b7,Yb5b4,Yb5b7]}) 21.
Re1 Ra6 (21... Qc7 {deserved attention.}) 22. h4 $6 {[%cal Yh4h5,Yh5h6]
Typical move for such positions. White intends to push forward his "h" pawn in
order to create some mate threats. But he misses more attractive continuation
he has:} (22. Ree5 $1 Qb4 23. Rd4 Qb6 (23... Qxd2 24. Rxd2 $16) 24. Rh4 {
[%cal Gd2h6]} Qf6 25. Qh6 Qg7 26. Qxg7+ Kxg7 27. Rd4 $16) 22... Qb4 23. c3 {
White achieves nothing after the trade of queens on b4:} (23. Qxb4 axb4 24. Ra1
Bf5 25. Rb5 Bxc2 26. Rxb4 b5 $1 27. Rxb5 (27. a5 Ba4) 27... Rxa4 28. Rxa4 Bxa4
$11) 23... Qxa4 24. h5 (24. Rd8 {is parried by} Re6 25. Rxe6 Bxe6 26. Rxf8+
Kxf8) 24... Re6 $1 25. h6 Rxe1+ 26. Qxe1 Re8 27. Qd2 Qa1+ $6 {Usually checks
like this is better to save for the future.} (27... Qa3 {saving important
resourse of check.}) 28. Kh2 Qa3 {Black has to bring back his queen to parry
white attack.} 29. Rd6 $6 {[%cal Yg2d5] Nice idea to transfer the
light-squared bishop to excelent attacknig position- to d5, but stronger was} (
29. c4 $1 {[%cal Gd2a5,Gd5a5,Yc4c5,Yd5d8]} Be6 (29... b6 30. c5 bxc5 31. Rd8
Qa4 32. Qc3 $18) 30. Rxa5 Qe7 31. c5 $14 {[%cal Ga5b5,Gb5b7,Yg2b7]}) 29... Qc5
30. Bd5 Be6 $1 $11 {Black has to change at least one of the white's active
pieces, otherwise...} ({For instance:} 30... a4 31. Qf4 $1 {[%cal Gf4f7,Yf4f6,
Gf6g7]} Bf5 32. Rd7 $1 Rf8 33. Qe5 Qxf2+ 34. Bg2 f6 35. Qe7 $18) 31. Bxe6 (31.
Bxb7 Kf8 {and black's position is at least equal thanks to distant passed pawn
"a".}) 31... fxe6 32. Rd7 Rf8 33. Rg7+ Kh8 34. f4 Qh5+ {liquidating the
dangerous white's pawn.} (34... Qd5 35. Qe3) (34... b5 35. Rb7 $1 Qh5+ 36. Kg2
Qxh6 37. Qd6 $16) 35. Kg1 Qxh6 36. Rxb7 g5 $1 {Black sacrifies the pawn in
order to activize his pieces and to weaken the position of white monarch.} 37.
fxg5 Qg6 38. c4 Qf5 39. Kh2 (39. Qb2+ {doesn't change the evaluation of
position.} e5 40. Rb8 Rxb8 41. Qxb8+ Kg7 42. Qc7+ Kg6 43. Qxa5 $11) 39... Qf2+
({After} 39... a4 {white should play carefully in order to get a draw.} 40. Ra7
$1 (40. Qd7 $2 Qf2+ 41. Kh3 Qf1+ 42. Kh4 (42. Kg4 h5+) 42... Qh1+ 43. Kg4 h5+
44. gxh6 Qe4+ 45. Kh3 Rg8 $19) 40... e5 (40... Qc5 41. Qb2+ e5 42. Qb7 Qf2+ 43.
Kh3 Qf5+ 44. Kh4 Rg8 45. Qe7 Qe4+ $11) 41. Rxa4 Qf1 42. Ra2 Qxc4 43. g6 $11)
40. Qxf2 Rxf2+ 41. Kh3 Rc2 1/2-1/2

[Event "Dubai op"]
[Site "Dubai"]
[Date "2000.05.01"]
[Round "4"]
[White "Graf, Alexander"]
[Black "Ermenkov, Evgenij"]
[Result "1/2-1/2"]
[WhiteElo "2600"]
[BlackElo "2449"]
[Annotator "Ermenkov,E"]
[PlyCount "39"]
[EventDate "2000.04.28"]
[EventType "swiss"]
[EventRounds "9"]
[EventCountry "UAE"]
[SourceTitle "EXT 2001"]
[Source "ChessBase"]
[SourceDate "2000.11.22"]
[SourceVersion "1"]
[SourceVersionDate "2000.11.22"]
[SourceQuality "1"]

1. d4 d6 {The last thing I had on my mind was to play the black side of the
King's Indian Defense against one of the strongest "Zaemish system" players in
the world.} 2. e4 Nf6 3. Nc3 {- some psychological success already since
Nenashev is not an 1. e4 player, but the point is that he started varying his
usual 1...e5, against 1.e4 lately, by playing Pirc-Ufimcev himself, so I
decided to switch into the Philidor Defense.} Nbd7 4. f4 e5 5. Nf3 c6 {This
strange position is gaining in popularity lately but I have the feeling it
will be short-lived.} 6. dxe5 ({White has tried} 6. Be3 Ng4 7. Bg1 exf4 8. Qd2
Ne3 9. Bxe3 fxe3 10. Qxe3 Be7 {with an unclear position in the game R.
Byrne-Hodgson, London, 1991.}) (6. Bc4 exd4 7. Qxd4 d5 8. exd5 Bc5 9. Qd3 O-O
10. dxc6 bxc6 11. Bd2 Re8+ 12. Kf1 h6 {and Black had some compensation for the
pawn in the game Beghadi - Costa, France, 1998.}) 6... dxe5 7. fxe5 (7. Nxe5 {
was very interesting as well since White had a strong initiative in the
endgame in Z. Rahman - Barua, Calcutta, 1994, after} Nxe5 8. Qxd8+ Kxd8 9. fxe5
Nd7 10. Bf4 Nc5 11. Bc4 Be6 12. Bxe6 Nxe6 13. O-O-O+ Ke8 14. Bg3) 7... Ng4 8.
Bf4 $6 {This strange move is probably a novelty and not very successful at
that.} (8. e6 fxe6 9. Ng5 Nde5 10. Qxd8+ Kxd8 11. h3 Nh6 12. Bf4 Nhf7 {with an
unclear position has been tried in practice.}) 8... Bc5 $1 {Sharp and
enterprising move after which I liked my position a lot.} (8... Qc7 9. Qd2
Ngxe5 10. O-O-O {ties up Black.}) 9. Bc4 {The facial expression of Nenashev
was showing that he was just swimming in the current without knowing so much
what he was doing.} Qe7 {Not a bad move though but still it was better to win
the game instead of just playing a mediocre "good" move. Now Black is still
better but Nenashev shows some resourcefulness.} ({Of course I saw that after} 
9... Nf2 {I was winning a lot of material and much much later I gave this
position to a silicon monster for an analysis. The computer was adamant -
Black is winning easily. Over the board however I came to the conclusion
unfortunately that Black's position is too good to risk so much so early and I
played 9...Qe7.}) 10. e6 fxe6 11. Bg5 Qf7 12. Rf1 Qg6 13. Qd2 {threatening 14.
0-0-0 or 14.Nh4.} h6 {By that moment my head was red-hot with calculations of
exotic sharp variations.} (13... Rf8 {was worth considering.}) 14. Bf4 e5 15.
Bg3 Ne3 (15... Rf8 {was also interesting.}) 16. Nh4 $8 Nxf1 17. Nxg6 Nxd2 18.
Kxd2 Rf8 $8 19. Nxf8 Bxf8 20. Rf1 {Nenashev played this move and offered a
draw and as we both were too tired of calculations of variations in this wild
game I accepted despite the fact that I considered my position a litter better
after the eventual 20...Be7 with the idea of Bf6, Ke7, b5, Nc5, etc. So did
Nenashev, but the said silicon monster was with another opinion. According to
the computer White is a little better after} (20. Rf1 Be7 21. Bf7+ Kd8 22. Nd1
$1 Bf6 23. Ne3 Ke7 24. Bg6) 1/2-1/2

[Event "Capablanca Memorial-B 24th"]
[Site "Holguin"]
[Date "1989.06.06"]
[Round "13"]
[White "Gomez Segura, Adalberto"]
[Black "Espig, Lutz"]
[Result "0-1"]
[WhiteElo "2385"]
[BlackElo "2470"]
[Annotator "Espig,L"]
[PlyCount "78"]
[EventDate "1989.05.22"]
[EventType "tourn"]
[EventRounds "13"]
[EventCountry "CUB"]
[EventCategory "7"]
[SourceTitle "EXT 2012"]
[Source "ChessBase"]
[SourceDate "2011.11.24"]
[SourceVersion "1"]
[SourceVersionDate "2011.11.24"]
[SourceQuality "1"]

{SCHACH 8/1989 Seite 19} 1. d4 d6 2. e4 Nf6 3. Nc3 g6 4. f3 {Diesen Aufbau
gegen Pirc wandte ich selbst vor etwa 20 Jahren an.} Bg7 5. Be3 c6 6. Qd2 b5 {
Das soll dem Anziehenden gleich die lange Rochade verleiden.} 7. h4 {Ich
spielte immer erst g4, um h5 mit g5 und später kurzer Rochade zu erwidern.} h5
$5 8. Nh3 Bxh3 $1 {Die logische Konsequenz des vorhergehenden Zuges. Der
Springer drohte sich lästig auf g5 einzunisten.} 9. Rxh3 Nbd7 10. Be2 Nb6 11.
b3 Qc7 12. Nd1 a6 13. c3 c5 14. Rc1 O-O 15. Nf2 Rac8 16. g4 {Schwarz muss sich
hüten, auf g4 zu schlagen, da dann der Th3 am Angriff teilnehmen würde.} cxd4
17. Bxd4 e5 18. Be3 Rfd8 19. c4 bxc4 20. bxc4 Nbd7 21. Bg5 Re8 $1 {Schwarz
steht bereits besser. Er droht Re6 nebst Nc5 und Druck gegen g4 und e4. Die
ungünstige Lage des weissen Königs und des Th3 macht sich bemerkbar.} 22. c5 $5
dxc5 23. gxh5 $2 {Strategische Bankrotterklärung} Nxh5 24. Bxa6 Rb8 25. Nd3 Bf8
26. Be3 $2 ({Der Kubaner sollte} 26. a4 {nebst Lb5 versuchen.}) 26... Qc6 27.
Bc4 Nb6 28. Qc2 Nxc4 29. Qxc4 Ra8 $1 {[#]Der Anziehende möchte den Bauern c5
erobern, doch den gibt Schwarz gern.} 30. Nxc5 Ra3 $1 31. Qe2 $2 $138 ({
Besser war} 31. Nb3 {mit allerdings unerfreulichem Endspiel.}) 31... Rea8 32.
Nb3 (32. Rc2 Rc8 $1) 32... Qe6 33. Rh2 Rxa2 34. Nd2 Bb4 {Die Situation wird
für Gomez immer trostloser.} 35. Qc4 Qd6 36. Rc2 {Gestattet einen schönen
Schluß, doch gab es keine Verteidigung mehr.} Rxc2 37. Qxc2 Ra3 38. Ke2 Rxe3+
39. Kxe3 Qd4+ {Weiß gab auf, er wird mattgesetzt!} 0-1

[Event "Reykjavik op"]
[Site "Reykjavik"]
[Date "2018.03.07"]
[Round "2"]
[White "Kjartansson, Gudmundur"]
[Black "Kamsky, Gata"]
[Result "1/2-1/2"]
[WhiteElo "2432"]
[BlackElo "2677"]
[Annotator "Fernandez,D"]
[PlyCount "75"]
[EventDate "2018.03.06"]
[EventType "swiss"]
[EventRounds "9"]
[EventCountry "ISL"]
[SourceTitle "CBM 184"]
[Source "ChessBase"]
[SourceDate "2018.05.16"]
[SourceVersion "1"]
[SourceVersionDate "2018.05.16"]
[SourceQuality "1"]

1. Nf3 g6 {It is often interesting to see what Kamsky (and, to an even greater
extent, Nakamura) plays in early rounds of opens! Here it is a slightly
offbeat Modern.} 2. e4 Bg7 3. d4 d6 4. c3 Nf6 5. Bd3 O-O 6. O-O Nc6 (6... c5 {
is the main move, if such a concept can be said to exist here.} 7. h3 {and now
a new development that might equalise is} d5 $5 (7... cxd4 8. cxd4 Nc6 9. Nc3
$14 {Karjakin,S-Nepomniachtchi,I chess.com INT 2017}) 8. e5 Ne4 $132) 7. Qe2 {
Pressuring Black to go ...e5, but he wanted to anyway.} (7. d5 $5 {might force
Black to be a little bit careful:} Nb8 8. h3 Nbd7 9. Re1 Nc5 10. c4) 7... e5 8.
dxe5 Nxe5 9. Nxe5 dxe5 10. Be3 Qe7 11. f3 Nh5 12. g3 Bh3 13. Re1 Rad8 14. Na3
Kh8 15. Rad1 f5 {So both sides have completed development and the ball is in
White's court regarding how he will react to Black's pawn push. Obviously, if
he had a few tempi he could vacuum off the major pieces and that would be that.
} 16. exf5 $1 {Going for the right setup, in my view.} gxf5 17. Qf2 (17. Bc2 $5
{is provocative and conceals a few clever points in case Black over-extends:}
Rxd1 18. Qxd1 f4 $5 19. Bf2 fxg3 20. hxg3 Qg5 21. Qd3 $1 Rf5 (21... Bf5 22. Qe3
$1 $14) 22. Qe3 Nxg3 23. Qxg5 Rxg5 24. Kh2 Nh5 25. Be3 Rg3 26. Be4 $132) 17...
b6 18. f4 $6 {Giving Black a way in.} (18. Bc2 $11 {is still not a bad idea})
18... Bg4 (18... Nf6 $1 19. Nc2 Ne4 20. Bxe4 Rxd1 21. Rxd1 fxe4 $17) 19. Be2
exf4 20. Rxd8 Qxd8 21. Bxf4 Nxf4 22. Qxf4 Qe7 {Black seems to have done
everything right-opening the position for the bishop pair, using the tactical
tension on the e-file, keeping the a3-knight sidelined- but concretely, there
is little that can be done to prevent White resolving these issues.} 23. Kf2
Re8 24. Qd2 Qc5+ (24... Rd8 $5 {seems best, playing the long game.} 25. Qf4 (
25. Qe3 Qxe3+ 26. Kxe3 Bh6+ 27. Kf2 Rd2 $15) 25... Qc5+ 26. Kg2 Qd5+ 27. Bf3
Qxa2 $15) 25. Kg2 Qc6+ 26. Kf2 Bh3 27. Bf1 $1 {Now Black's advantage is almost
completely neutralised. He may take a pawn, but that is all.} Qc5+ 28. Kf3 Rxe1
29. Qxe1 Bxf1 30. Qxf1 Qd5+ 31. Kf2 Bxc3 $5 {Gambling that White cannot
arrange perpetual check, but it proves ill-founded.} (31... Qxa2 32. Qe2 Qf7
33. Nc2 {was one way Black could try, but I don't see a way to prevent Qf3 and
Ne3 picking up the f5-pawn.}) 32. bxc3 Qxa2+ 33. Qe2 Qxa3 34. Qe5+ $11 Kg8 35.
Qd5+ Kg7 36. Qe5+ Kg6 37. Qe6+ Kg7 38. Qe5+ 1/2-1/2